Estadísticas para Escribir rápido- A-Z - En orden alfabético

Haz click aquí para intentar la prueba.

Estadísticas generales

  • Esta prueba ha sido intentada 1.614 veces
  • La puntuación promedio es 19 de 26

Estadísticas de respuestas

Letra% Correcto
A
100%
B
96%
C
94%
D
92%
E
92%
F
91%
G
90%
H
88%
I
88%
J
87%
K
86%
L
84%
M
83%
N
82%
O
66%
P
65%
Q
62%
R
59%
S
59%
T
58%
U
55%
V
54%
W
50%
X
48%
Y
47%
Z
45%

Distribución de puntuación

Porcentaje por número respondido

Porcentaje de gente con cada puntuación

Historial de tus puntuaciones

No has intentado esta prueba.